<?xml version="1.0" encoding="UTF-8"?><?xml-stylesheet type="text/xsl" href="static/style.xsl"?><OAI-PMH xmlns="http://www.openarchives.org/OAI/2.0/" xmlns:xsi="http://www.w3.org/2001/XMLSchema-instance" xsi:schemaLocation="http://www.openarchives.org/OAI/2.0/ http://www.openarchives.org/OAI/2.0/OAI-PMH.xsd"><responseDate>2026-06-01T18:27:17Z</responseDate><request verb="GetRecord" identifier="oai:riuma.uma.es:10630/13651" metadataPrefix="marc">https://riuma.uma.es/rest/oai/request</request><GetRecord><record><header><identifier>oai:riuma.uma.es:10630/13651</identifier><datestamp>2026-02-03T12:22:18Z</datestamp><setSpec>com_10630_2254</setSpec><setSpec>col_10630_37959</setSpec></header><metadata><record xmlns="http://www.loc.gov/MARC21/slim" xmlns:dcterms="http://purl.org/dc/terms/" xmlns:doc="http://www.lyncode.com/xoai" xmlns:xsi="http://www.w3.org/2001/XMLSchema-instance" xsi:schemaLocation="http://www.loc.gov/MARC21/slim http://www.loc.gov/standards/marcxml/schema/MARC21slim.xsd">
   <leader>00925njm 22002777a 4500</leader>
   <datafield ind2=" " ind1=" " tag="042">
      <subfield code="a">dc</subfield>
   </datafield>
   <datafield ind2=" " ind1=" " tag="720">
      <subfield code="a">Aprile, Francesca</subfield>
      <subfield code="e">author</subfield>
   </datafield>
   <datafield ind2=" " ind1=" " tag="720">
      <subfield code="a">Gutiérrez Barranquero, José Antonio</subfield>
      <subfield code="e">author</subfield>
   </datafield>
   <datafield ind2=" " ind1=" " tag="720">
      <subfield code="a">Arrebola-Díez, Eva María</subfield>
      <subfield code="e">author</subfield>
   </datafield>
   <datafield ind2=" " ind1=" " tag="720">
      <subfield code="a">Cazorla-López, Francisco Manuel</subfield>
      <subfield code="e">author</subfield>
   </datafield>
   <datafield ind2=" " ind1=" " tag="720">
      <subfield code="a">De-Vicente-Moreno, Antonio</subfield>
      <subfield code="e">author</subfield>
   </datafield>
   <datafield ind2=" " ind1=" " tag="260">
      <subfield code="c">2017</subfield>
   </datafield>
   <datafield ind2=" " ind1=" " tag="520">
      <subfield code="a">La necrosis apical del mango (NAM) es una enfermedad que se ha observado en el litoral andaluz desde la implantación de este cultivo, y cuyo agente causal es la bacteria Pseudomonas syringae pv. syringae (Pss). Esta enfermedad aparece principalmente asociada a climas con inviernos frescos y húmedos, tal y como ocurre en la cuenca mediterránea, donde, además de en España, se ha descrito en otros países (Israel, Portugal, Italia, Egipto), así como en otras áreas de cultivo con clima similar, como el Noroeste de Australia. Las cepas de Pss aisladas de mango muestran características importantes para su biología, tanto a nivel de virulencia como de fitness epifítico. En trabajos previos se han descrito diferentes genes implicados en el desarrollo de los síntomas de la enfermedad, así como en aumentar la capacidad de la bacteria de sobrevivir y persistir sobre el tejido vegetal; el operón mbo implicado en la producción de mangotoxina, los genes copABCD o cusCBA, implicados en la capacidad de resistencia al cobre, o el operón wss, responsable de la producción de celulosa. Por otro lado, gracias a análisis filogenéticos, se ha podido agrupar a todas las cepas de Pss aisladas de mango y productoras de mangotoxinas en el filotipo I.&#xd;
El objetivo de este trabajo es el análisis fenético comparado de cepas de Pss aisladas de mango de las diferentes zonas de estudio (España, Portugal, Italia, Australia), antes del año 2000 (colección I) y disponibles en nuestro laboratorio, con aislamientos actuales (2016-2018, Colección II). Este estudio se ha iniciado con la caracterización y selección previa de cepas representativas de cada una de las colecciones, para iniciar un abordaje en detalle y comparación de los diferentes atributos.</subfield>
   </datafield>
   <datafield ind1="8" ind2=" " tag="024">
      <subfield code="a">http://hdl.handle.net/10630/13651</subfield>
   </datafield>
   <datafield tag="653" ind2=" " ind1=" ">
      <subfield code="a">Evolución (Biología)</subfield>
   </datafield>
   <datafield tag="653" ind2=" " ind1=" ">
      <subfield code="a">Epidemiología</subfield>
   </datafield>
   <datafield ind2="0" ind1="0" tag="245">
      <subfield code="a">Aislamiento de cepas de Pseudomonas syringae pv. syringae asociadas a mango para su uso en análisis evolutivos y epidemiológicos</subfield>
   </datafield>
</record>
</metadata></record></GetRecord></OAI-PMH>